MVPs de la NBA - Estadísticas

Estadísticas generales
  • Esta prueba ha sido intentada 10.151 veces
    5.146 desde el último reinicio
  • La puntuación promedio es 21 de 36
Estadísticas de respuestas
Años MVP % Correcto
2009, 2010, 2012, 2013 Lebron James
98%
1988, 1991, 1992, 1996, 1998 Michael Jordan
97%
2015, 2016 Stephen Curry
93%
2008 Kobe Bryant
91%
2021, 2022, 2024 Nikola Jokić
86%
2019, 2020 Giannis Antetokounmpo
85%
2000 Shaquille O'Neal
83%
1984, 1985, 1986 Larry Bird
81%
2014 Kevin Durant
80%
1987, 1989, 1990 Magic Johnson
78%
2018 James Harden
75%
2023 Joel Embiid
72%
2017 Russell Westbrook
70%
1971, 1972, 1974, 1976, 1977, 1980 Kareem Abdul-Jabbar
68%
2002, 2003 Tim Duncan
67%
1960, 1966, 1967, 1968 Wilt Chamberlain
66%
1958, 1961, 1962, 1963, 1965 Bill Russell
65%
2011 Derrick Rose
64%
2007 Dirk Nowitzki
64%
2005, 2006 Steve Nash
60%
1994 Hakeem Olajuwon
59%
2001 Allen Iverson
57%
1997, 1999 Karl Malone
56%
1979, 1982, 1983 Moses Malone
54%
2004 Kevin Garnett
50%
1993 Charles Barkley
45%
1981 Julius Erving
44%
1995 David Robinson
42%
1964 Oscar Robertson
33%
1956, 1959 Bob Pettit
30%
1957 Bob Cousy
28%
1978 Bill Walton
24%
1975 Bob McAdoo
20%
1969 Wes Unseld
19%
1970 Willis Reed
16%
1973 Dave Cowens
13%
No se encontraron pruebas coincidentes
Distribución de puntuación
Porcentaje de gente con cada puntuación
Porcentaje por número respondido
Historial de tus puntuaciones
No has intentado esta prueba desde el último reinicio